• 首页
  • 本馆介绍
  • 公告通知
  • 最新文献
  • 馆藏检索
  • 电子资源
  • 读者导购
  • 参考咨询
  • 我的图书馆
  • 登录
  • 详细信息显示
  • 放入我的书架
  • 预约/预借图书
  • 作者相关作品
  • 分类相关作品
  • 丛书相关作品
  • 出版社相关作品

书目信息

  • 表格格式
  • 工作单格式
  • 卡片格式
题名:
与死亡言和
    
 
作者: 李书崇 著
分册:  
出版信息: 成都   四川人民出版社  2002
页数: 348页
开本: 21cm
丛书名:
单 册:
中图分类: R339.3
科图分类:
主题词: 发育--人体生理学 , 年龄生理学
电子资源:
ISBN: 7-220-06154-4
000 00698nam0 2200217 45
001 0410251179
005 20041025114355.2
010    @a7-220-06154-4@dCNY45.00
100    @a20041025d2002 km y0chiy0120 ea
101 0  @achi
105    @aa z 000yy
200 1  @a与死亡言和@AYu Si Wang Yan He@e东西方死亡现象漫谈@EDong Xi Fang Si Wang Xian Xiang Man Tan@f李书崇著@FLi Shu Chong Zhu
210    @a成都@c四川人民出版社@d2002
215    @a348页@c图@d21cm
517    @a东西方死亡现象漫谈@ADong Xi Fang Si Wang Xian Xiang Man Tan
606 0  @a发育@x人体生理学
606 0  @a年龄生理学
690    @aR339.3@v4
701  0 @a李书崇@4著
801    @aCN@bTSTCL@c20041025
905    @b336024-028@dR339.3@e74@f5
    
    与死亡言和:东西方死亡现象漫谈/李书崇著.-成都:四川人民出版社,2002
    348页:图;21cm
    
    
    ISBN 7-220-06154-4:CNY45.00
    
●
相关链接 在E读中查询图书 在五车中查询图书 在当当中查询图书 在豆瓣中查询图书


正题名:与死亡言和     索取号:R339.3/74         预约/预借

序号 登录号 条形码 馆藏地/架位号 状态 备注
1 0336024   203360246   第三借阅区/ [索取号:R339.3/74] 在馆    
2 0336025   203360255   第三借阅区/ [索取号:R339.3/74] 在馆    
3 0336026   203360264   第三借阅区/ [索取号:R339.3/74] 在馆    
4 0336027   203360273   第三借阅区/ [索取号:R339.3/74] 在馆    
5 0336028   203360282   第二样本阅览室/ [索取号:R339.3/74] 在馆    
唐山师范学院图书馆 欢迎您!
大连网信软件有限公司© 版权所有